Online Catalogue and eLibrary

Yachaka sanniwedanaya (Record no. 1098)

MARC details
000 -LEADER
fixed length control field 00398nam a2200157Ia 4500
005 - DATE AND TIME OF LATEST TRANSACTION
control field 20250521032048.0
008 - FIXED-LENGTH DATA ELEMENTS--GENERAL INFORMATION
fixed length control field 240331s9999 xx 000 0 und d
020 ## - INTERNATIONAL STANDARD BOOK NUMBER
ISBN 9559605305
082 ## - DDC Classification
Class No. 302.2
Item Number - Author Mark WEE
100 ## - MAIN ENTRY--PERSONAL NAME
Personal name Weerasuriya , M
245 #0 - TITLE STATEMENT
Title Yachaka sanniwedanaya
260 ## - PUBLICATION, DISTRIBUTION, ETC.
Place of publication, distribution, etc. Nugegoda
Name of publisher, distributor, etc. A Literary Book
Date of publication, distribution, etc. 1996
300 ## - PHYSICAL DESCRIPTION
Extent (e.g. Volumes, Pages etc.) 152 p .,
500 ## - GENERAL NOTE
General note A Sociological Commentary Book
942 ## - Koha item type (Biblio)
Koha item type Books in Stacks (Lending)
Holdings
Lost status Damaged status Collection code Home library Current library Shelving location Date acquired Full call number Accession Number Item type
    Lending WERC Library WERC Library Social Science Cupboard 03/31/2024 302.2 WEE 2624 Books in Stacks (Lending)

© WERC Library